U.S. Propertywatch (Record no. 84008)

MARC details
000 -LEADER
fixed length control field 01202cad a22002175a 4500
001 - CONTROL NUMBER
control field L156428
008 - FIXED-LENGTH DATA ELEMENTS--GENERAL INFORMATION
fixed length control field 120521e2012 xxk 000 0 eng d
035 ## - SYSTEM CONTROL NUMBER
System control number (Sirsi) u156428
041 0# - LANGUAGE CODE
Language code of text/sound track or separate title eng
110 2# - MAIN ENTRY--CORPORATE NAME
Corporate name or jurisdiction name as entry element CBRE Global Investors
9 (RLIN) 5985
245 00 - TITLE STATEMENT
Title U.S. Propertywatch
Medium [electronic resource]
260 ## - PUBLICATION, DISTRIBUTION, ETC.
Place of publication, distribution, etc. [S.I.]
Name of publisher, distributor, etc. CBRE Global Investors
Date of publication, distribution, etc. 2012
490 #0 - SERIES STATEMENT
Series statement CBRE Global Investors U.S. Propertywatch
Volume/sequential designation Q2 2012 May 2012
520 ## - SUMMARY, ETC.
Summary, etc. The U.S. is still in growth mode. Property fundamentals did not gain very much ground in Q1 2012 but there are clear signs of stability and further improvement. The industrial availability edged down further with the warehouse and manufacturing space sector given a boost. All hotel indicators were up year on year. Office, apartment and retail vacancy rates were unchanged.
520 ## - SUMMARY, ETC.
Summary, etc. Moderated gains - NCREIF Property Index - Office - Industrial - Retail - Full-Service Hotel - Apartment - For-Sale Residential.
590 ## - LOCAL NOTE (RLIN)
Local note KA
651 #4 - SUBJECT ADDED ENTRY--GEOGRAPHIC NAME
Geographic name United States
690 ## - LOCAL SUBJECT ADDED ENTRY--TOPICAL TERM (OCLC, RLIN)
Topical term or geographic name as entry element Commercial property
9 (RLIN) 6227
856 40 - ELECTRONIC LOCATION AND ACCESS
Uniform Resource Identifier <a href="https://www.cbreglobalinvestors.com/research/publications/Pages/propertywatch.aspx">https://www.cbreglobalinvestors.com/research/publications/Pages/propertywatch.aspx</a>
Public note View the report at www.cbreglobalinvestors.com
942 ## - ADDED ENTRY ELEMENTS (KOHA)
Suppress in OPAC 0
Holdings
Withdrawn status Lost status Source of classification or shelving scheme Damaged status Not for loan Home library Current library Shelving location Date acquired Total Checkouts Full call number Barcode Date last seen Copy number Price effective from Koha item type
    Dewey Decimal Classification     Virtual Virtual Online 21/05/2012   ONLINE PUBLICATION 156428-2001 06/08/2019 1 06/08/2019 Book